000
00200 a2200097 4500
001
42947
100
_a
Citizen
245
_a
Harrys truma
260
_a
London
_b
Hutchins san
_c
090
_c
26828
_d
26828
942
_a
NUST-CAE
_c
M
_c
18700
999
_c
278020
_d
278020